Webová e-learningová aplikácia pre OPC UA

Salvato in:
Dettagli Bibliografici
Autore principale: Juriš, Adam (Autore)
Altri autori: Pribiš, Rudolf (Relatore della tesi)
Natura: Manoscritto Libro
Lingua:slovacco
Pubblicazione: Bratislava : STU v Bratislave FEI, 2023
Soggetti:
Accesso online:https://opac.crzp.sk/?fn=detailBiblioFormChildMKMO9&sid=925BFB95FAA30F229C9AC6019F0C&seo=CRZP-detail-kniha
Tags: Aggiungi Tag
Nessun Tag, puoi essere il primo ad aggiungerne!!

MARC

LEADER 00000ntm a22000003a 4500
001 stuzp91779
003 SK-STU
005 20241111125937.6
007 ta
008 150427s2015----xo-----f-mn---000-0-slo-d
040 |a STU  |b slo 
041 0 |a slo 
044 |a xo 
100 1 |a Juriš, Adam  |u 030400  |4 aut  |U FEI Fakulta elektrotechniky a informatiky  |T FEI Ústav automobilovej mechatroniky  |X 111297  |U E400  |Y 642  |7 111297 
242 0 1 |a Web e-learning application for OPC UA  |y eng 
245 1 0 |a Webová e-learningová aplikácia pre OPC UA 
260 |a Bratislava :  |b STU v Bratislave FEI,  |c 2023 
300 |a 70 s., príl. 
650 4 |a Industry 4.0  |2 slo 
650 4 |a E-learning  |2 slo 
650 4 |a OPC UA  |2 slo 
650 4 |a Interoperabilita  |2 slo 
650 4 |a OPC UA  |2 eng 
650 4 |a Industry 4.0  |2 eng 
650 4 |a Interoperability  |2 eng 
650 4 |a E-learning  |2 eng 
700 1 |a Pribiš, Rudolf  |u 030400  |k Z8  |4 ths  |U FEI Fakulta elektrotechniky a informatiky  |T FEI Ústav automobilovej mechatroniky  |X 20027  |U E400  |Y 642  |7 20027 
856 4 |u https://opac.crzp.sk/?fn=detailBiblioFormChildMKMO9&sid=925BFB95FAA30F229C9AC6019F0C&seo=CRZP-detail-kniha